| 000 | 00448nam a2200181Ia 4500 | ||
|---|---|---|---|
| 005 | 20240823051308.0 | ||
| 008 | 240823s9999||||xx |||||||||||||| ||und|| | ||
| 041 | _aENGLISH | ||
| 082 | _A343.0745 N0 | ||
| 100 | _aKumar.B.Das | ||
| 245 | 0 | _aRural Development Through Decentralisation | |
| 250 | _a1st | ||
| 260 |
_c1990 _b"Discovery,New Delhi" |
||
| 500 | _aYES | ||
| 650 |
_aManagement _bManagement Studies |
||
| 942 | _cBK | ||
| 999 |
_c219253 _d219253 |
||